International law /
Alongside new chapters dealing with human rights and the United Nations, Shaw has incorporated new material on international environmental law, state succession, recognition, the settlement of disputes by peaceful means and international institutions
Na minha lista:
| Autor principal: | |
|---|---|
| Formato: | Livro |
| Publicado em: |
Cambridge, UK ; New York :
Cambridge University Press,
c2008.
|
| Edição: | 6th ed. |
| Assuntos: | |
| Acesso em linha: | http://www.loc.gov/catdir/enhancements/fy0838/2008037228-b.html http://www.loc.gov/catdir/enhancements/fy0838/2008037228-d.html http://www.loc.gov/catdir/enhancements/fy0838/2008037228-t.html |
| Tags: |
Adicionar Tag
Sem tags, seja o primeiro a adicionar uma tag!
|
MARC
| LEADER | 00000cam a2200000 a 4500 | ||
|---|---|---|---|
| 020 | |a 9780521728140 |c TZS 75,000/= | ||
| 040 | |a MUL |b eng. |e AACR | ||
| 082 | 0 | 0 | |a 341 SHA |
| 100 | 1 | |a Shaw, Malcolm N. | |
| 245 | 1 | 0 | |a International law / |c Malcolm N. Shaw. |
| 250 | |a 6th ed. | ||
| 260 | |a Cambridge, UK ; |a New York : |b Cambridge University Press, |c c2008. | ||
| 300 | |a clxvi, 1542 p. ; |c 23 cm. | ||
| 504 | |a Includes bibliographical references and index. | ||
| 504 | |a Includes Web resources. | ||
| 520 | |a Alongside new chapters dealing with human rights and the United Nations, Shaw has incorporated new material on international environmental law, state succession, recognition, the settlement of disputes by peaceful means and international institutions | ||
| 546 | |a eng. | ||
| 650 | 0 | |a International law. | |
| 650 | 0 | |a Electronic books | |
| 650 | 0 | |a Diplomacy | |
| 856 | 4 | 2 | |u http://www.loc.gov/catdir/enhancements/fy0838/2008037228-b.html |
| 856 | 4 | 2 | |u http://www.loc.gov/catdir/enhancements/fy0838/2008037228-d.html |
| 856 | 4 | 1 | |u http://www.loc.gov/catdir/enhancements/fy0838/2008037228-t.html |
| 942 | |c BK | ||
| 999 | |c 699 |d 699 | ||